International Business Times - US ed.

Detalles Bibliográficos
Formato: eBook
Lenguaje:inglés
Publicado: Nueva York: Newsweek Media Group, 2013 -
Materias:
Acceso en línea:Acceso restringido

MARC

LEADER 00000nam a22000007a 4500
005 20191017215212.0
007 cr|||| ||||
008 191017c20139999us dr|w s|||| 0|||b1eng d
035 |a 22206 
040 |a vLex 
090 |c 9882  |d 9882 
245 0 0 |a International Business Times - US ed.  |h [Recurso electrn̤ico] / 
256 |a Servicio en ln̕ea 
260 |a Nueva York:  |b Newsweek Media Group,  |c 2013 - 
300 |a 1 recurso electrn̤ico 
310 |a Diaria 
506 1 |a Disponible solo en los productos indicados  |d vLex Global  |d vLex Global (Academic Edition, excluding Law Schools)  |d vLex Global (Academic Edition, Law Schools) 
650 0 4 |a Materias no jurd̕icas  |z Estados Unidos 
650 0 4 |a Economa̕ y negocios  |z Estados Unidos 
740 0 |a vLex Revistas (Servicio en ln̕ea) 
856 4 0 |u http://vlex.com/source/22206  |z Acceso restringido 
942 |c REV 
999 0 |a Non-legal matters 
999 0 |a Economy and business